<?xml version="1.0" encoding="UTF-8"?><marc:collection xmlns:marc="http://www.loc.gov/MARC21/slim">
  <marc:record>
    <marc:leader>00000nam##2200000za#4500</marc:leader>
    <marc:controlfield tag="001">9.590787</marc:controlfield>
    <marc:controlfield tag="003">CaOODSP</marc:controlfield>
    <marc:controlfield tag="005">20250403104942</marc:controlfield>
    <marc:controlfield tag="007">cr |||||||||||</marc:controlfield>
    <marc:controlfield tag="008">150406|2001||||xxc|||||o    f|0| 0 fre|d</marc:controlfield>
    <marc:datafield tag="020" ind1=" " ind2=" ">
      <marc:subfield code="a">0-660-96463-5</marc:subfield>
    </marc:datafield>
    <marc:datafield tag="022" ind1=" " ind2=" ">
      <marc:subfield code="a">1205-9161</marc:subfield>
    </marc:datafield>
    <marc:datafield tag="040" ind1=" " ind2=" ">
      <marc:subfield code="a">CaOODSP</marc:subfield>
      <marc:subfield code="b">fre</marc:subfield>
    </marc:datafield>
    <marc:datafield tag="043" ind1=" " ind2=" ">
      <marc:subfield code="a">n-cn---</marc:subfield>
    </marc:datafield>
    <marc:datafield tag="086" ind1="1" ind2=" ">
      <marc:subfield code="a">CS11-0019/163F-IN</marc:subfield>
    </marc:datafield>
    <marc:datafield tag="245" ind1="0" ind2="0">
      <marc:subfield code="a">L'incidence de la mobilité interprovinciale sur les gains des particuliers : </marc:subfield>
      <marc:subfield code="h">[ressource électronique]</marc:subfield>
      <marc:subfield code="b">estimations de modèles par panel pour le Canada / </marc:subfield>
      <marc:subfield code="c">par Ross Finnie. </marc:subfield>
    </marc:datafield>
    <marc:datafield tag="260" ind1=" " ind2=" ">
      <marc:subfield code="a">Ottawa - Ontario : </marc:subfield>
      <marc:subfield code="b">Statistique Canada </marc:subfield>
      <marc:subfield code="c">Octobre 2001.</marc:subfield>
    </marc:datafield>
    <marc:datafield tag="300" ind1=" " ind2=" ">
      <marc:subfield code="a">49p.</marc:subfield>
      <marc:subfield code="b">graphiques, références, tableaux</marc:subfield>
    </marc:datafield>
    <marc:datafield tag="490" ind1="1" ind2=" ">
      <marc:subfield code="a">Documents de recherche - Direction des études analytiques</marc:subfield>
      <marc:subfield code="x">1205-9161</marc:subfield>
      <marc:subfield code="v">N° 163</marc:subfield>
    </marc:datafield>
    <marc:datafield tag="520" ind1="3" ind2=" ">
      <marc:subfield code="a">« Cet article vise donc à exploiter la Banque de données administrative longitudinales (BDAL) créée par Statistique Canada à partir des dossiers de déclarations de Revenu Canada et mise à la disposition des utilisateurs depuis peu en vue de traiter un aspect particulier de la question: l'incidence de la mobilité interprovinciale sur les gains des particuliers. »--Introduction</marc:subfield>
    </marc:datafield>
    <marc:datafield tag="590" ind1=" " ind2=" ">
      <marc:subfield code="a">12-37-Supp</marc:subfield>
      <marc:subfield code="b">2012-09-24</marc:subfield>
    </marc:datafield>
    <marc:datafield tag="710" ind1="2" ind2=" ">
      <marc:subfield code="a">Statistique Canada.</marc:subfield>
    </marc:datafield>
    <marc:datafield tag="720" ind1="1" ind2=" ">
      <marc:subfield code="a">Finnie, Ross</marc:subfield>
    </marc:datafield>
    <marc:datafield tag="775" ind1="0" ind2="8">
      <marc:subfield code="t">The effects of inter-provincial mobility on individuals' earnings : </marc:subfield>
      <marc:subfield code="w">(CaOODSP)9.557534</marc:subfield>
    </marc:datafield>
    <marc:datafield tag="776" ind1="0" ind2="#">
      <marc:subfield code="t">L'incidence de la mobilité interprovinciale sur les gains des particuliers : </marc:subfield>
      <marc:subfield code="w">(CaOODSP)9.625523</marc:subfield>
    </marc:datafield>
    <marc:datafield tag="830" ind1="#" ind2="0">
      <marc:subfield code="a">Documents de recherche (Statistique Canada. Direction des études analytiques)</marc:subfield>
      <marc:subfield code="x">1205-9161</marc:subfield>
      <marc:subfield code="v">N° 163</marc:subfield>
      <marc:subfield code="w">(CaOODSP)9.500842</marc:subfield>
    </marc:datafield>
    <marc:datafield tag="856" ind1="4" ind2="0">
      <marc:subfield code="a">http://publications.gc.ca</marc:subfield>
      <marc:subfield code="q">PDF</marc:subfield>
      <marc:subfield code="s">387 Ko</marc:subfield>
      <marc:subfield code="u">https://publications.gc.ca/collections/Collection/CS11-0019-163F.pdf</marc:subfield>
      <marc:subfield code="y">N° 163</marc:subfield>
    </marc:datafield>
  </marc:record>
</marc:collection>
